| 000 | 00765nam a2200241Ia 4500 | ||
|---|---|---|---|
| 005 | 20250508163741.0 | ||
| 008 | 008 250505s9999 xx 000 0 eng d | ||
| 020 | _a0-335-20173-3 | ||
| 037 | _aTextual | ||
| 040 |
_aFEDL _beng _cFEDL |
||
| 041 |
_aeng _2eng |
||
| 084 |
_a376, WEI _qFEDL |
||
| 100 |
_aWeiler Kathleen Ed. _9776192 |
||
| 245 | 0 | _aTelling women's lives : Narrative inquiries in the history of women's education | |
| 260 |
_aBuckingham, UK _bOpen University Press _c1999 |
||
| 300 | _ax,166p. | ||
| 365 |
_aGBP _b10.95 |
||
| 490 | _aFeminist educational thinking | ||
| 650 |
_aWomen education; Feminism and education _9776193 |
||
| 700 |
_a Middleton Sue Ed. _9776194 |
||
| 942 |
_cTEXL _h376, WEI |
||
| 999 |
_c1385067 _d1385067 |
||